000 02370nam a22005057a 4500
003 OSt
005 20240710123701.0
007 ta
008 201110e2010 rd acbdgri||| 00| 0 spa d
020 _a9789945004014
040 _aDO-SdBNP
_bspa
_cBNPHU
041 _hSpa
082 4 _a972.93
_bM385ma 2010
_222
100 1 _aMartínez Almanzar, Juan Francisco
_d1950 -
_910459
240 _a[Historia dominicana]
245 1 0 _aManual de historia crítica dominicana /
_cJuan Francisco Martínez Almánzar
250 _a10.va.
260 _aSanto Domingo :
_bCAIS,
_c2010.
300 _axviii, 566 p.
_bil., retrs, mapas, diagrama ;
_c20 cm
490 _aCentro de adiestramiento e investigación social (CAIS)
500 0 _aContiene bibliografía.
500 2 0 _aContiene datos biográficos del autor.
505 2 0 _aCapítulo I :
_tSituación de Europa antes del descubrimiento de América.-
505 2 0 _aCapítulo II :
_tLa sociedad aborigen y el descubrimiento.-
505 2 0 _aCapítulo III :
_tConquista y colonización.-
505 2 0 _aCapítulo IV :
_tLa primera mitad del siglo XVI.-
505 2 0 _aCapítulo V :
_tLa española en la segunda mitad del siglo XVI.-
505 2 0 _aCapítulo VI :
_tla isla de Santo Domingo en el siglo XVII.-
505 2 0 _aCapítulo VII :
_tLa isla de Santo Domingo en el siglo XVIII.-
505 2 0 _aCapítulo IX :
_tLa primera república (1844-1861).-
505 2 0 _aCapítulo XI :
_tLos inicios de la segunda república.-
505 2 0 _aCapítulo XII :
_tLa lucha por el poder entre azules y rojos.-
505 2 0 _aCapítulo XIII :
_tLa dictadura de Ulises Heureaux.-
505 2 0 _aCapítulo XIV :
_tLos primeros años del siglo XX.-
505 2 0 _aCapítulo XV :
_t La intervención militar norteamericana (1916-1924).-
505 2 0 _aCapítulo XVI :
_tLos indicios de la tercera república.-
505 2 0 _aCapítulo XVII :
_tLa dictadura trujillista.-
505 2 0 _aCapítulo XVIII :
_tLos primeros cinco años de la década de 1960. (1961-1966).-
505 2 0 _aCapítulo XIX :
_tBalaguer y los perredeistas en el poder (1966-1996).-
505 2 0 _aCapítulo XX :
_tPeledeistas y perredeistas en el poder.-
590 _aInventariado, 2021 / DG
650 4 _aRepública Dominicana
_xHistoria
_9416
710 2 2 _aCentro de Adiestramiento e Investigación Social (República Dominicana)
_946052
942 _2ddc
_cLBS1
999 _c49122
_d49122